<?xml version="1.0" encoding="UTF-8"?>
<collection xmlns="http://www.loc.gov/MARC21/slim">
    <record>
        <controlfield tag="001">95302</controlfield>
        <controlfield tag="005">20200909132415.0</controlfield>
        <datafield tag="024" ind1="7" ind2=" ">
            <subfield code="2">doi</subfield>
            <subfield code="a">10.17660/ActaHortic.2019.1256.6</subfield>
        </datafield>
        <datafield tag="024" ind1="8" ind2=" ">
            <subfield code="2">sideral</subfield>
            <subfield code="a">118980</subfield>
        </datafield>
        <datafield tag="037" ind1=" " ind2=" ">
            <subfield code="a">ART-2019-118980</subfield>
        </datafield>
        <datafield tag="041" ind1=" " ind2=" ">
            <subfield code="a">eng</subfield>
        </datafield>
        <datafield tag="100" ind1=" " ind2=" ">
            <subfield code="0">(orcid)0000-0002-9544-6026</subfield>
            <subfield code="a">Campo, Eva</subfield>
        </datafield>
        <datafield tag="245" ind1=" " ind2=" ">
            <subfield code="a">Sorting task as a rapid tool to explore sensory shelf-life in food products: A case study using smoothies of exotic and red fruit flavours</subfield>
        </datafield>
        <datafield tag="260" ind1=" " ind2=" ">
            <subfield code="c">2019</subfield>
        </datafield>
        <datafield tag="506" ind1="0" ind2=" ">
            <subfield code="a">Access copy available to the general public</subfield>
            <subfield code="f">Unrestricted</subfield>
        </datafield>
        <datafield tag="520" ind1="3" ind2=" ">
            <subfield code="a">Storage life of most food products is limited by changes in their sensory characteristics. The present work shows how a sorting strategy can be a fast and reliable tool to quickly explore sensory deterioration in perishable products, using fruit smoothies under development as a case study. Smoothies (exotic and red fruit flavours) at three storage times were sorted by 30 consumers according to their global sensory similarities to check if replicates at t0 were globally perceived as similar among them, and different from samples with longer storage time. Samples were also submitted to physicochemical, nutritional and microbiological analysis. A panel of 12 trained panellists described both prototype flavours at t0, and six commercial smoothies to characterize freshly bottled products. If smoothies fulfil a quality standard when bottled NDASH susceptible of being spoiled during storage NDASH the sorting procedure can provide a fast and reliable estimation of attributes inducing a loss of sensory quality. Without any list of descriptors, the terms provided by consumers to characterize the sorted smoothies were equivalent to those mostly employed by the trained panel. This approach could be implemented in food industries in order to monitor sensory decay during storage.</subfield>
        </datafield>
        <datafield tag="536" ind1=" " ind2=" ">
            <subfield code="9">info:eu-repo/grantAgreement/ES/DGA/229402-1</subfield>
            <subfield code="9">info:eu-repo/grantAgreement/EUR/LIFE/12 ENV/ES/000902-ZERO RESIDUES</subfield>
            <subfield code="9">info:eu-repo/grantAgreement/EUR/Plant Food Research Group/Project 229402/1</subfield>
        </datafield>
        <datafield tag="540" ind1=" " ind2=" ">
            <subfield code="9">info:eu-repo/semantics/openAccess</subfield>
            <subfield code="a">All rights reserved</subfield>
            <subfield code="u">http://www.europeana.eu/rights/rr-f/</subfield>
        </datafield>
        <datafield tag="592" ind1=" " ind2=" ">
            <subfield code="a">0.184</subfield>
            <subfield code="b">2019</subfield>
        </datafield>
        <datafield tag="593" ind1=" " ind2=" ">
            <subfield code="a">Horticulture</subfield>
            <subfield code="c">2019</subfield>
            <subfield code="d">Q4</subfield>
        </datafield>
        <datafield tag="655" ind1=" " ind2="4">
            <subfield code="a">info:eu-repo/semantics/conferenceObject</subfield>
            <subfield code="v">info:eu-repo/semantics/acceptedVersion</subfield>
        </datafield>
        <datafield tag="700" ind1=" " ind2=" ">
            <subfield code="0">(orcid)0000-0002-4843-2561</subfield>
            <subfield code="a">Arias, Esther</subfield>
            <subfield code="u">Universidad de Zaragoza</subfield>
        </datafield>
        <datafield tag="700" ind1=" " ind2=" ">
            <subfield code="0">(orcid)0000-0001-6316-385X</subfield>
            <subfield code="a">Venturini, Maria Eugenia</subfield>
            <subfield code="u">Universidad de Zaragoza</subfield>
        </datafield>
        <datafield tag="700" ind1=" " ind2=" ">
            <subfield code="0">(orcid)0000-0002-2147-9263</subfield>
            <subfield code="a">Remón, Sara</subfield>
            <subfield code="u">Universidad de Zaragoza</subfield>
        </datafield>
        <datafield tag="700" ind1=" " ind2=" ">
            <subfield code="0">(orcid)0000-0001-8836-1983</subfield>
            <subfield code="a">Oria, Rosa</subfield>
            <subfield code="u">Universidad de Zaragoza</subfield>
        </datafield>
        <datafield tag="710" ind1="2" ind2=" ">
            <subfield code="1">2008</subfield>
            <subfield code="2">780</subfield>
            <subfield code="a">Universidad de Zaragoza</subfield>
            <subfield code="b">Dpto. Produc.Animal Cienc.Ali.</subfield>
            <subfield code="c">Área Tecnología de Alimentos</subfield>
        </datafield>
        <datafield tag="773" ind1=" " ind2=" ">
            <subfield code="g">1256 (2019), 39-46</subfield>
            <subfield code="p">Acta hortic.</subfield>
            <subfield code="t">Acta Horticulturae</subfield>
            <subfield code="x">0567-7572</subfield>
        </datafield>
        <datafield tag="856" ind1="4" ind2=" ">
            <subfield code="s">342679</subfield>
            <subfield code="u">http://zaguan.unizar.es/record/95302/files/texto_completo.pdf</subfield>
            <subfield code="y">Postprint</subfield>
        </datafield>
        <datafield tag="856" ind1="4" ind2=" ">
            <subfield code="s">603777</subfield>
            <subfield code="u">http://zaguan.unizar.es/record/95302/files/texto_completo.jpg?subformat=icon</subfield>
            <subfield code="x">icon</subfield>
            <subfield code="y">Postprint</subfield>
        </datafield>
        <datafield tag="909" ind1="C" ind2="O">
            <subfield code="o">oai:zaguan.unizar.es:95302</subfield>
            <subfield code="p">articulos</subfield>
            <subfield code="p">driver</subfield>
        </datafield>
        <datafield tag="951" ind1=" " ind2=" ">
            <subfield code="a">2020-09-09-10:45:25</subfield>
        </datafield>
        <datafield tag="980" ind1=" " ind2=" ">
            <subfield code="a">ARTICLE</subfield>
        </datafield>
    </record>

    
</collection>